| 000 | 00386 a2200169 4500 | ||
|---|---|---|---|
| 001 | 156988 | ||
| 020 | _a9788596015738 | ||
| 040 | _cEscola São Tomás de Aquino | ||
| 100 | _aCARRARO, Fernando | ||
| 240 | 1 | 0 |
_aCarta à prefeita _lpor |
| 245 | 1 | 0 | _aCarta à prefeita |
| 300 | _a32 p. | ||
| 362 | 0 | _a2018 | |
| 440 | 1 | _aFTD | |
| 697 | _a*LITERATURA INFANTO JUVENIL | ||
| 942 | _cBK | ||
| 999 |
_c156988 _d156988 |
||